000 01122nam2a2200289 4500
001 RU\NLR\bibl\439939
005 20250623174653.0
010 _a5-17-017298-2
_bАСТ
010 _a5-7841-0611-8
_95000
_bTerra fantastica
021 _aRU
_b2003-48634
_92341
035 _a(NLR Aleph) 000433705
090 _a770438
_c770438
100 _a20030925d2003 |||y0rusy50 ca
101 1 _arus
_cger
102 _aRU
105 _ay |||||||||
200 1 _a1940-1941
210 _d2003
_aБ. м.
215 _a765 c.
320 _aИмен. указ.: с. 757-765
461 0 _1001RU\NLR\bibl\455108
_12001#$aВоенный дневник$v[Т. 2]
_9859697
_aГальдер, Ф. (1884-1972)
_cМ.
_d2002
_fФранц Гальдер
_nАСТ
_o[Пер.]
_tВоенный дневник
_v[Т. 2]
606 0 _aВторая мировая война
_jВоспоминания, записки и т.п.
_xВоенные операции немецкие
_z1939 - 1945
_z1940 - 1941
_92308729
_3RU\NLR\auth\661381845
801 0 _aRU
_bNLR
_c20030925
_gPSBO
801 1 _aRU
_bNLR
_c20030925
942 _cBOOK
980 _aNB